| 000 | 00398nam a2200169Ia 4500 | ||
|---|---|---|---|
| 999 |
_c3860 _d3860 |
||
| 020 | _a0-7456-0997-X | ||
| 082 | _a332.4 ING-N | ||
| 100 | _aIngham, Geoffrey | ||
| 245 | 0 | _aNature of money | |
| 260 |
_aCambridge _bPolity Press _c2004 |
||
| 300 | _aix, 254p. | ||
| 504 | _aIncludes bibliography and index | ||
| 650 | _aBanks and banking | ||
| 650 | _aCapitalism | ||
| 650 | _aMoney | ||
| 942 | _cBK | ||